| 000 | 00902pam a2200313 4500 | ||
|---|---|---|---|
| 001 | 1251983 | ||
| 005 | 20170105102901.0 | ||
| 008 | 731023s1974 maua j 001 0 eng | ||
| 010 | _a 73018264 | ||
| 020 | _a0787680818 | ||
| 040 |
_aDLC _cDLC _dDLC |
||
| 042 | _alcac | ||
| 043 | _an-us--- | ||
| 050 | 0 | 0 |
_aPN4745 _b.S6 |
| 082 | 0 | 0 | _a070.4/49/32 |
| 100 | 1 |
_aAvery, Laura, _d1927- |
|
| 245 | 1 | 0 |
_aNewsmakers: _bThe people behind today's headlines _c[by] Laura Avery |
| 260 |
_a[Reading, Mass.] _bAddison-Wesley _c[2006] |
||
| 300 |
_a706 p. _billus. _c21 cm. |
||
| 500 | _a"An Addisonian Press book." | ||
| 650 | 0 |
_aGovernment and the press _zUnited States |
|
| 650 | 0 | _aPresidents | |
| 650 | 1 | _aGovernment and the press. | |
| 650 | 1 | _aPresidents. | |
| 650 | 1 | _aJournalism. | |
| 700 | 1 |
_aNorris, Louanne, _d1930- |
|
| 906 |
_a7 _bcbc _corignew _d1 _eocip _f19 _gy-gencatlg |
||
| 942 |
_2ddc _cBK |
||
| 999 |
_c14654 _d14654 |
||